La odisea / (Registro nro. 7570)

Detalles MARC
000 -LIDER
fixed length control field 00709nam a2200253 a 4500
001 - NÚMERO DE CONTROL
Identificador de número de control 000037848
003 - IDENTIFICACDOR DE NÚMERO DE CONTROL
control field DO-SdBNP
005 - DATE AND TIME OF LATEST TRANSACTION
control field 20220202120012.0
008 - ELEMENTOS DE LONGITUD FIJA
fixed length control field 130307s2008 dr 000 0 spa d
020 ## - ISBN
International Standard Book Number 9789945068863
040 ## - FUENTE DE CATALOGACIÓN
Agencia que crea de manera original el registro BPMSU
Idioma de catalogación spa
Agencia que realiza la transcripción BPMSU
082 04 - NÚMERO DE CLASIFICACIÓN DECIMAL DE DEWEY
Classification number 883.2
Item number H766o
100 1# - ASIENTO PRINCIPAL -- NOMBRE PERSONAL
Nombre personal Homero
245 13 - MENCIÓN DE TITULO
Título La odisea /
Mención de responsabilidad Homero.
260 ## - PUBLICACIÓN, DISTRIBUCIÓN, ETC. (PIE DE IMPRENTA)
Lugar de publicación, distribución, etc Santo Domingo :
Nombre del editor, distribuidor, etc. Santuario,
Fecha de publicación, distribución, etc 2008.
300 ## - DESCRIPCIÓN FÍSICA
Extensión 103 p. ;
Dimensiones 22 cm.
490 0# - MENCIÓN DE SERIES
Mención de serie Santuario;
Volume/sequential designation 43
590 ## - NOTA LOCAL
Enlace Inventariado, 2022/VM
600 14 - ENCABEZAMIENTO DE MATERIA--NOMBRE PERSONAL
Nombre personal Homero,
Fechas asociadas con el nombre Siglo IX? a.C.
Título de una obra Odisea
650 #4 - ENCABEZAMIENTO DE MATERIA--TEMÁTICO
Término temático o nombre geográfico como elemento de entrada Poesía épica griega
650 #4 - ENCABEZAMIENTO DE MATERIA--TEMÁTICO
Término temático o nombre geográfico como elemento de entrada Odisea (Mitología griega)
Subdivisión temática general Poesía
910 ## - VALIDACIÓN
Validación VMateo V./Validado. Control de validad MFF
942 ## - ADDED ENTRY ELEMENTS (KOHA)
Source of classification or shelving scheme Dewey Decimal Classification
Koha item type Libros
Existencias
Withdrawn status Lost status Source of classification or shelving scheme Damaged status Not for loan Collection code Home library Current library Date acquired Total Checkouts Full call number Barcode Date last seen Price effective from Koha item type Copy number
    Dewey Decimal Classification     Colección Dominicana Biblioteca Pública Metropolitana Salomé Ureña Biblioteca Pública Metropolitana Salomé Ureña 03/06/2015   BPMSU CD 883.2 H766o 2008 BPMSU15040303 03/06/2015 03/06/2015 Libros  
    Dewey Decimal Classification     Colección Dominicana Biblioteca Pública Metropolitana Salomé Ureña Biblioteca Pública Metropolitana Salomé Ureña 03/06/2015   BPMSU CD 883.2 H766o 2008 BPMSU15040304 03/06/2015 03/06/2015 Libros e.2
    Dewey Decimal Classification     Colección Dominicana Biblioteca Pública Metropolitana Salomé Ureña Biblioteca Pública Metropolitana Salomé Ureña 03/06/2015   BPMSU CD 883.2 H766o 2008 BPMSU15040305 03/06/2015 03/06/2015 Libros e. 3